| 000 | 00736njm a2200289 a 4500 | ||
|---|---|---|---|
| 003 | BLK | ||
| 005 | 20241023173700.0 | ||
| 008 | 180410b bul||n||s|||||||| n|bulo| | ||
| 010 | _aCDD00002129000 | ||
| 040 | _aBLK | ||
| 041 |
_aBUL _cBUL |
||
| 080 |
_aМузика _b78 _z78 |
||
| 139 |
_aЩурците [DVD] _bЩ 62 |
||
| 245 | 1 | 0 |
_aЩурците [DVD] _bАнтология |
| 257 | _aBGR | ||
| 260 | _c2006 | ||
| 300 |
_a118 мин. _c12 см |
||
| 380 | _a7 | ||
| 590 | _aS.N: 69106 от КНИГИ | ||
| 852 |
_aЦб CD 1074 _p0 |
||
| 856 | 4 |
_qpdf _u |
|
| 856 | 4 |
_qpdf _u |
|
| 942 |
_cCDD _n0 _01 |
||
| 944 |
_aCR _c31.10.2006 _k30542 _lРусанова Ирена |
||
| 944 |
_aED _c31.10.2006 |
||
| 999 |
_c219718 _d219718 |
||
| 999 | _d219718 | ||